| 000 | 00676npc a2200229Ia 4500 | ||
|---|---|---|---|
| 001 | dg83-37772 | ||
| 003 | IT-MiCISF | ||
| 008 | 161014s9999||||xx | und|| | ||
| 040 |
_aIT-MiCISF _cIT-MiCISF |
||
| 041 | _aen | ||
| 100 | _aDawe Fiona | ||
| 240 | _aContraception and Sexual Health, 2001 | ||
| 245 | 0 | _aContraception and Sexual Health, 2001 | |
| 250 | _a1a ed. | ||
| 260 |
_a London _bOffice for National Statistics _c2001 |
||
| 300 | _app. 53 | ||
| 500 | _a / società , contraccezione, sterilizzazione, pianificazione-familiare, patologie-sessuali / | ||
| 650 | _asessualità | ||
| 700 | _aMeltzer Howard | ||
| 942 | _cDD | ||
| 957 | _71 | ||
| 999 |
_a37772 _bsi _g1 _c207127 _d207127 |
||